LEADER 00973nam0-2200337---450 001 990002738760203316 005 20220601121000.0 035 $a000273876 035 $aUSA01000273876 035 $a(ALEPH)000273876USA01 035 $a000273876 100 $a20060420d2001----km-y0itay0103----ba 101 $afre 102 $aBE 105 $a||||||||001yy 200 1 $aPoèmes$fEric Brogniet 210 $aAmay$cMaison de la Poesie d'Amay$cPublication Hebdomadaire$d2001 215 $a2 v. (347 ; 311 p.)$d21 cm 225 2 $a<>arbre à paroles 410 0$12001$a<>arbre à paroles 676 $a841.914 700 1$aBROGNIET,$bEric$0593148 801 0$aIT$bsalbc$gISBD 912 $a990002738760203316 951 $aXV.4. Coll. 3/24.1$b183471 L.M.$cXV.4. Coll. 951 $aXV.4. Coll. 3/24.2$b183472 L.M.$cXV.4. Coll. 959 $aBK 969 $aFF 979 $aMARIASEN$b90$c20060420$lUSA01$h1542 996 $aPoèmes$9998853 997 $aUNISA